000 00954nam a22002177a 4500
003 OSt
005 20170608093114.0
008 150408b2016 slv spa
040 _cBMC
082 _a621.39
100 1 _940307
_aCastro Girón, Adriana Gabriela
245 1 0 _aPasantía en DELOITTE El Salvador S.A. de C.V.
_b: Informe final
_cAdriana Gabriela Castro Girón
260 _aSanta Ana (El Salvador)
_bUniversidad Católica de El Salvador
_c2016
300 _a1 folleto (34 h.)
_bil.
_c27 cm
_e+ 1 disco compacto
500 _aPrecede al tít.: Universidad Católica de El Salvador, Facultad de Ingeniería y Arquitectura
501 _aPeríodo de realización: del 11 de enero al 11 de julio de 2016
502 _aPara optar al título de Ingeniero en Sistemas Informáticos
650 2 4 _924722
_aIngeniería de sistemas
710 2 _91166
_aUniversidad Católica de El Salvador
_bFacultad de Ingeniería y Arquitectura
942 _2ddc
_cTG
999 _c26420
_d26420